| 000 | 00726nam a22002177a 4500 | ||
|---|---|---|---|
| 999 |
_c6877 _d6877 |
||
| 001 | 6877 | ||
| 003 | BD-JhCC | ||
| 005 | 20180403173229.0 | ||
| 008 | 171031s1963 bg a|||| ||a| 000 0 ben d | ||
| 035 | _a(BD-JhCC)6877 | ||
| 040 |
_aBD-JhCC _dBD-JhCC |
||
| 041 | _aben | ||
| 082 |
_a954.7 _bPAK 1963 |
||
| 245 |
_aপাকিস্তানের উপজাতি / _cপাকিস্তান পাবলিকেশানস |
||
| 260 |
_aঢাকা : _bপাকিস্তান পাবলিকেশানস, _c1963. |
||
| 300 |
_a119 p. : _c23 cm. |
||
| 650 |
_aTribal _zPakistan |
||
| 710 | _aপাকিস্তান পাবলিকেশানস | ||
| 942 |
_2ddc _cBK |
||